Statistics for Countries that start with B

Click here to take the quiz!

General Stats

  • This quiz has been taken 98 times
  • The average score is 14 of 17

Answer Stats

HintAnswer% Correct
6Belgium
89%
13Brazil
89%
4Barbados
87%
10Bolivia
87%
1Bahamas
84%
3Bangladesh
84%
9Bhutan
83%
15Bulgaria
83%
2Bahrain
81%
7Belize
80%
17Burundi
80%
14Brunei
77%
5Belarus
76%
11Bosnia and
Herzegovina
76%
12Botswana
76%
8Benin
73%
16Burkina Faso
64%

Score Distribution

Percentile by Number Answered

Percent of People with Each Score

Your Score History

You have not taken this quiz